000 00542nam a2200205Ia 4500
008 220216s9999 xx 000 0 und d
100 _aZiyun W
245 0 _aEstablishment and characterisation of Hevea cell suspension cultures
260 _bJournal of Rubber Research
_c2009
300 _a45-57
520 _aDL 2009
650 _aBiomass
650 _aCell growth pattern
650 _aPlant growth regulator
650 _aSuspension cultures
700 _aHua Y W
700 _aHuang H S
700 _aHuang T D
942 _cJS
999 _c58769
_d58769